|
|
|
|
| LEADER |
01058ncm a2200313 a 4500 |
| 001 |
000837965 |
| 003 |
CZ BrMZK |
| 005 |
20160922130559.0 |
| 008 |
070116s2003 xr dfz g n zxx d |
| 028 |
0 |
0 |
|a DH 204
|b Michal Steranka
|
| 040 |
|
|
|a BOA001
|b cze
|
| 048 |
|
|
|a of01
|
| 072 |
|
7 |
|a 788
|x Hudba pro dechové nástroje
|2 Konspekt
|9 9
|
| 080 |
|
|
|a 78.085.7
|2 MRF
|
| 080 |
|
|
|a 785.12
|2 MRF
|
| 080 |
|
|
|a 78.087
|2 MRF
|
| 100 |
1 |
|
|a Kolstrunk, Miroslav,
|d 1979-
|7 mzk2005317896
|4 cmp
|
| 245 |
1 |
0 |
|a Na dobrou noc
|h [hudebnina] :
|b sousedská
|c Miroslav Kolstrunk
|
| 260 |
|
|
|a Křižanovice :
|b Michal Steranka,
|c c2003
|
| 300 |
|
|
|a 19 hlasů ;
|c 20x14 cm
|
| 490 |
1 |
|
|a Dechová hudba ;
|v DH 204
|
| 650 |
0 |
7 |
|a sousedské
|7 ph224463
|2 czenas
|
| 650 |
0 |
7 |
|a dechová hudba (dechový orchestr)
|7 ph315352
|2 czenas
|
| 655 |
|
7 |
|a hlasy
|7 fd186703
|2 czenas
|
| 830 |
|
0 |
|a Dechová hudba (Steranka)
|
| 910 |
|
|
|a BOA001
|b Mus4-1178.253
|
| 990 |
|
|
|a MU
|
| 991 |
|
|
|b 200702
|c NOV
|
| 996 |
6 |
|
|b 2610297540
|c Mus4-1178.253
|l MZK
|r Sklad / do 1 hodiny
|n 0
|w 000837965
|u 000010
|a 1
|e BOA001
|j MZK50
|s P
|